The Wizard of oz

Bibliographic Details
Main Author: Baum, L.Frank
Format: Book
Published: New York : Exeter Books , 1986

MARC

LEADER 00000cam a2200000 7i4500
001 0000003616
002 000003893
005 20000330.0
020 |a 0-671-083171 
090 0 0 |a JF   |b BAU 
100 1 |a Baum, L.Frank 
245 1 4 |a The Wizard of oz   |c L.Frank Baum 
260 |a New York :   |b Exeter Books ,   |c 1986 
300 |a 220p. ;   |c 22cm. 
999 |a 032183   |b BUKU   |c PINJAMAN   |e PERPUSTAKAAN KOMUNITI PETALING JAYA 
999 |a 032184   |b BUKU   |c JUNIOR FICTION   |e PERPUSTAKAAN KOMUNITI PETALING JAYA